Sports Quiz

Random Sports Quiz

New York Islanders Assist Leaders 2000s Quiz Stats

 Plays Quiz not verified by Sporcle

Score 0/20 Timer 10:00
0 Plays Today
Assists Player % Correct
171Alexei Yashin
93.2%
131Jason Blake
83.5%
78Mark Streit
79.6%
127Trent Hunter
75.7%
93Mike Peca
75.7%
96Mark Parrish
68.9%
57Kyle Okposo
68.9%
88Miroslav Satan
62.1%
112Shawn Bates
56.3%
85Kenny Jonsson
55.3%
Assists Player % Correct
85Mariusz Czerkawski
54.4%
69Radek Martinek
54.4%
96Oleg Kvasha
52.4%
75Richard Park
51.5%
80Adrian Aucoin
49.5%
110Roman Hamrlik
48.5%
73Dave Scatchard
41.7%
53Bruno Gervais
32%
58Arron Asham
30.1%
63Chris Campoli
28.2%

You're not logged in!

Compare scores with friends on all Sporcle quizzes.
OR
Log In

Show Comments

Extras

Top Quizzes Today


Score Distribution

Your Account Isn't Verified!

In order to create a playlist on Sporcle, you need to verify the email address you used during registration. Go to your Sporcle Settings to finish the process.

Report this User

Report this user for behavior that violates our Community Guidelines.

Details: